| Поле | Инд. | ПП | Название | Значение |
|---|---|---|---|---|
| Тип записи | a | |||
| Библиографический уровень | m | |||
| 001 | Контрольный номер | RU/IS/BASE/225982127 | ||
| 005 | Дата корректировки | 20190516095332.6 | ||
| 020 | 00 | a | ISBN | 5-250-00801-1 |
| 084 | a | Индекс другой классификации/Индекс ББК | 63.3(2)6-6 | |
| 090 | a | Полочн. индекс | 63.3(2)6 | |
| x | Авторский знак | О-83 | ||
| 245 | 00 | a | Заглавие | Открывая новые страницы... |
| b | Продолж. заглавия | Международные вопросы: события и люди : сборник | ||
| c | Ответственность | сост. Н. В. Попов | ||
| 260 | 00 | a | Место издания | Москва |
| b | Издательство | Политиздат | ||
| c | Дата издания | 1989 | ||
| 300 | 00 | a | Объем | 432 с. |
| b | Иллюстрации/ тип воспроизводства | ил. | ||
| 650 | 00 | a | Основная рубрика | Внешняя политика СССР-История-Сборники |
| 650 | _4 | a | Основная рубрика | Дипломатия СССР-История-Сборники |
| 653 | 00 | a | Ключевые слова | Дипломатия |
| a | Ключевые слова | История СССР | ||
| a | Ключевые слова | Политика внешняя | ||
| 901 | t | Тип документа | m |